[Event "110th US Open"]
[Site "Indianapolis USA"]
[Date "2009.08.09"]
[Round "9"]
[White "Gurevich,D"]
[Black "Burnett,R"]
[Result "1-0"]
[WhiteElo "2485"]
[BlackElo "2368"]


1.d4 Nf6 2.c4 e6 3.g3 Bb4+ 4.Nd2 d5 5.Bg2 O-O 6.Nf3 dxc4 7.Qc2 b5 8.a4 bxa4
9.O-O Bb7 10.Nxc4 h6 11.Rxa4 a5 12.Bd2 Be4 13.Qb3 Nc6 14.Bc3 Rb8 15.Ncd2 Be7
16.Qd1 Bh7 17.Qa1 Ne4 18.Rc1 Nxd2 19.Nxd2 Qd7 20.e3 Nb4 21.Rxa5 Nd3 22.Rd1 Bb4
23.Bxb4 Rxb4 24.b3 Rb5 25.Rxb5 Qxb5 26.Qc3 Nb4 27.Qxc7 Bc2 28.Bf1 Qf5 29.Rc1 Bd3
30.Qc5 Nd5 31.Bg2 Qg5 32.Nf3 Qf5 33.Ne5 Rd8 34.Nc6 Re8 35.Ne5 Nf6 36.Nxd3 Qxd3
37.Qc2 Qa6 38.Qc7 Qa3 39.Qc3 Rb8 40.Rb1 Rb4 41.h3 Qa5 42.Ra1 Qb6 43.Ra8+ Kh7
44.Qc2+  1-0

[Event "25th Open"]
[Site "Geraadsbergen BEL"]
[Date "2009.08.15"]
[Round "8"]
[White "Balje,J"]
[Black "Van der Stricht,G"]
[Result "0-1"]
[WhiteElo "2202"]
[BlackElo "2390"]

1.d4 Nf6 2.c4 e6 3.g3 Bb4+ 4.Nd2 O-O 5.Bg2 d5 6.Nf3 dxc4 7.O-O c3 8.bxc3 Bxc3
9.Rb1 Nc6 10.Ba3 Re8 11.Nb3 a5 12.Qc2 Bb4 13.Bb2 Bf8 14.a3 a4 15.Nc5 Bxc5
16.Qxc5 Na5 17.Ne5 Nd7 18.Nxd7 Bxd7 19.d5 f6 20.Rbd1 e5 21.d6 c6 22.f4 exf4
23.Rxf4 Rxe2 24.Bc3 b5 25.Be4 Qe8 26.Qd4 Qh5 27.Rh4 Rxe4 28.Rxh5 Rxd4 29.Rxd4 Nc4
30.Bb4 Ne5 31.Kf2 Rc8 32.Bc5 g5 33.h4 Be8 34.d7 Nxd7 35.Rxd7 Bxh5 36.Bd4 gxh4
37.gxh4 c5 38.Bxf6 b4 39.Rg7+ Kf8 40.Rxh7 Bf7 41.h5 Rc6 42.Bb2 Rd6 43.Ke3 Rd5
44.h6 Rh5 45.Bf6 Ke8 46.Rh8+ Kd7 47.h7 Ke6 48.Bb2 Bg6 49.Re8+ Bxe8 50.h8=Q Rxh8
51.Bxh8 Kd5 52.Kd2 Bg6 53.axb4 cxb4 54.Kc1 Kc4 55.Kb2 a3+ 56.Kc1 Kb3 57.Bf6 Ka2  0-1

[Event "24th ICT Acropolis"]
[Site "Chalkida GRE"]
[Date "2009.08.16"]
[Round "7"]
[White "Papaioannou,I"]
[Black "Reshetnikov,A"]
[Result "1-0"]
[WhiteElo "2624"]
[BlackElo "2006"]

1.d4 Nf6 2.c4 e6 3.g3 Bb4+ 4.Nd2 d5 5.Nf3 dxc4 6.Bg2 Nc6 7.O-O c3 8.Nc4 cxb2
9.Bxb2 O-O 10.Rc1 Bd7 11.Qd3 Be7 12.a3 Be8 13.Rfd1 Qd5 14.Qc2 Rc8 15.Rb1 Qh5
16.e4 Nd7 17.d5 Nd8 18.Nce5 Nxe5 19.Nxe5 exd5 20.exd5 Bd6 21.Bf3 Qg5 22.h4 Qe7
23.Nc4 f6 24.Be4 Bg6 25.Bxg6 hxg6 26.Re1 Qd7 27.Qxg6 Nf7 28.Re6 Be5 29.Bxe5 Nxe5
30.Nxe5 fxe5 31.Rxe5 Rf6 32.Qg5 Rcf8 33.Rbe1 Qd6 34.Re7 R8f7 35.Re8+ Rf8
36.R1e7 Rg6 37.Qe3 Rf6 38.Rxf8+ Rxf8 39.Qg5 Rf7 40.Re3 b5 41.h5 a5 42.Re8+ Rf8
43.h6 Qxh6 44.Rxf8+ Kxf8 45.Qd8+ Kf7 46.Qxc7+ Kg8 47.d6 Qe6 48.d7  1-0

[Event "Yoel Geva YTGM"]
[Site "Tel Aviv ISR"]
[Date "2009.08.17"]
[Round "8"]
[White "Jirka,J"]
[Black "Bykhovsky,Av"]
[Result "0-1"]
[WhiteElo "2440"]
[BlackElo "2396"]

1.d4 Nf6 2.c4 e6 3.g3 Bb4+ 4.Bd2 Qe7 5.Bg2 Bxd2+ 6.Nxd2 d6 7.Ngf3 e5 8.e4 O-O
9.O-O Bg4 10.Qc2 a5 11.Rfe1 Bxf3 12.Nxf3 c5 13.d5 Nbd7 14.Re3 Rfb8 15.Bf1 Ne8
16.Nd2 Nc7 17.Rae1 Nf8 18.Rb3 b6 19.Nb1 Rb7 20.f4 Rab8 21.f5 b5 22.cxb5 a4
23.Rf3 Nxb5 24.Bxb5 Rxb5 25.f6 gxf6 26.b3 axb3 27.axb3 Qa7 28.Kh1 c4 29.Qxc4 Qa2
30.Nc3 Qxb3 31.Qf1 Rb4 32.Nd1 Qc4 33.Qxc4 Rxc4 34.Nf2 Nd7 35.Re2 Rbb4 36.Kg2 Kg7
37.Rfe3 Nc5 38.Kf3 Nb3 39.Kg2 Nd4 40.Ra2 f5 41.Rd3 Nb3 42.Rd1 fxe4 43.Ng4 Rd4
44.Rb1 Nc5 45.Rxb4 Rxb4 46.Ne3 Kg6 47.Ra8 Rb2+ 48.Kg1 Re2 49.Nc4 Re1+ 50.Kg2 e3
51.Ra3 e2  0-1

[Event "2nd WTeam w"]
[Site "Ningbo CHN"]
[Date "2009.09.09"]
[Round "7"]
[White "Ju Wenjun"]
[Black "Javakhishvili,L"]
[Result "1-0"]
[WhiteElo "2443"]
[BlackElo "2472"]

1.d4 Nf6 2.c4 e6 3.g3 Bb4+ 4.Bd2 Be7 5.Bg2 d5 6.Nf3 c6 7.Qc2 O-O 8.O-O b6
9.Bf4 Bb7 10.Nbd2 Nh5 11.Be3 Nd7 12.Rfd1 f5 13.Nb3 Bd6 14.Nc1 Rc8 15.Nd3 Qe7
16.Bg5 Ndf6 17.c5 bxc5 18.dxc5 Bb8 19.Nfe5 Qe8 20.Be3 Nd7 21.Bd4 Nhf6 22.b4 Ba6
23.Qb2 Nxe5 24.Nxe5 Bxe5 25.Bxe5 Rf7 26.a4 Ng4 27.Bd6 Rb7 28.h3 Nh6 29.Be5 Qg6
30.Rab1 Nf7 31.Bc3 Bc4 32.Qd2 Rcb8 33.Rb2 a6 34.e3 Qh5 35.h4 h6 36.Rdb1 g5
37.Qd4 e5 38.Qd1 Qxd1+ 39.Rxd1 gxh4 40.gxh4 Kh7 41.Bh3 f4 42.exf4 d4 43.Bd2 Re7
44.Re1 Rbe8 45.f3 Kg6 46.Kf2 Kf6 47.Bc1 exf4 48.Rxe7 Rxe7 49.Bxf4 Ne5 50.Rd2 Nd3+
51.Kg3 Nxf4 52.Kxf4 d3 53.Bf1 Re2 54.Rd1 Rh2 55.Bxd3 Bxd3 56.Kg3 Rb2 57.Rxd3 Rxb4
58.Rd6+ Kg7 59.Rxc6 Rxa4 60.Rc7+ Kg6 61.Ra7 a5 62.Ra6+ Kg7 63.h5 Ra3 64.Kg4 a4
65.f4 Rc3 66.Ra5 Kf6 67.Ra6+ Kg7 68.c6 Rc5 69.Ra7+ Kf6 70.Rh7 a3 71.Rxh6+ Kg7
72.Rd6 a2 73.Rd7+ Kh6 74.Ra7 Rc2 75.c7 Rxc7 76.Ra6+ Kg7 77.Rxa2 Rc5 78.Ra7+ Kh6
79.Ra6+ Kg7 80.Re6 Ra5 81.Re5 Ra1 82.Kf5 Rf1 83.Re6 Rf2 84.Ra6 Rf1 85.h6+ Kh7
86.Re6 Rf2 87.Ke5 Re2+ 88.Kd6 Rd2+ 89.Ke7 Rf2 90.Rf6 Ra2 91.f5 Ra7+ 92.Ke6 Ra6+
93.Ke5 Ra5+ 94.Kf4 Ra1 95.Re6 Rf1+ 96.Ke5 Re1+ 97.Kd6 Ra1 98.Ke7 Ra7+ 99.Kf8 Ra8+
100.Kf7 Rc8 101.Re8 Rc7+ 102.Kf6 Rc1 103.Kg5 Rg1+ 104.Kf6 Rc1 105.Ke7 Re1+
106.Kf7 Ra1 107.Re6 Ra8 108.Ke7 Rb8 109.Kf7 Rc8 110.Re8 Rc7+ 111.Kf8 Kxh6
112.Re6+ Kg5 113.f6 Rc8+ 114.Kg7 Kf5 115.Ra6 Rc3 116.f7 Rg3+ 117.Kh7 Rh3+
118.Rh6  1-0

[Event "TCh-ROU Superliga"]
[Site "Eforie Nord ROU"]
[Date "2009.09.19"]
[Round "1"]
[White "Fridman,D2"]
[Black "Timoshenko,G"]
[Result "1/2-1/2"]
[WhiteElo "2661"]
[BlackElo "2552"]

1.d4 Nf6 2.c4 e6 3.g3 Bb4+ 4.Bd2 Qe7 5.Nf3 Nc6 6.Nc3 Bxc3 7.Bxc3 Ne4 8.Rc1 Nxc3
9.Rxc3 d6 10.d5 Nb8 11.Bg2 O-O 12.O-O e5 13.b4 Bg4 14.Nd2 Nd7 15.Nb3 b6 16.c5 a5
17.Rc4 Nf6 18.h3 Bh5 19.cxd6 cxd6 20.b5 Nd7 21.Qc2 a4 22.Nc1 Nc5 23.Nd3 Qd7
24.Rb1 Rfc8 25.Nxc5 Rxc5 26.Rxc5 dxc5 27.Qb2 Qd6 28.Be4 Bg6  1/2-1/2

[Event "TCh-ROU w Superliga"]
[Site "Eforie Nord ROU"]
[Date "2009.09.22"]
[Round "4"]
[White "Plass,M"]
[Black "Baciu,A"]
[Result "0-1"]
[WhiteElo "2127"]
[BlackElo "2167"]

1.d4 Nf6 2.c4 e6 3.g3 Bb4+ 4.Bd2 Qe7 5.Bg2 O-O 6.Qc2 Nc6 7.Nf3 Bxd2+ 8.Nbxd2 d6
9.O-O a5 10.e3 e5 11.a3 a4 12.d5 Nd8 13.Nb1 Nd7 14.Nc3 Nc5 15.Nd2 f5 16.b4 axb3
17.Nxb3 Nxb3 18.Qxb3 b6 19.Nb5 Nb7 20.f4 Nc5 21.Qc2 e4 22.Rfb1 Bd7 23.Nd4 Ra7
24.Qb2 Ra4 25.Bf1 Rfa8 26.Qc3 Qf7 27.Rb4 R4a5 28.Qc1 Qf6 29.Nb3 Nxb3 30.Rxb3 Rc5
31.Qb2 Qxb2 32.Rxb2 Ra4 33.Rb4 Rca5 34.Rxa4 Bxa4 35.Rb1 Bc2 36.Rb2 Bd3 37.Rb3 Bxf1
38.Kxf1 Ra4 39.Rc3 Kf7 40.Ke2 Kg6 41.h3 Kh5 42.Kd2 g5 43.Kc2 Ra8 44.Kd2 Kg6
45.Ke2 Kf6 46.Kf2 h5 47.Kg2 h4 48.Rb3 Rg8 49.Kh2 gxf4 50.gxf4 Rg3 51.c5 dxc5
52.d6 cxd6 53.Rxb6 Ke6 54.Rb3 Kd5 55.a4 Kc4 56.Rb6 Rxe3 57.Rxd6 Rf3 58.a5 Rxf4
59.a6 Rf2+ 60.Kg1 Ra2 61.Rf6 e3 62.Kf1 Kd3 63.Rxf5 Ra1+ 64.Kg2 e2  0-1

[Event "TCh-ROU w Superliga"]
[Site "Eforie Nord ROU"]
[Date "2009.09.27"]
[Round "9"]
[White "Plass,M"]
[Black "Olarasu,Io"]
[Result "1/2-1/2"]
[WhiteElo "2127"]
[BlackElo "1769"]

1.d4 Nf6 2.c4 e6 3.g3 Bb4+ 4.Bd2 Qe7 5.Bg2 O-O 6.Nc3 d6 7.Qb3 Bxc3 8.Bxc3 Nbd7
9.Nf3 Ne4 10.O-O f5 11.Nd2 Ndf6 12.f3 Nxc3 13.Qxc3 b6 14.e4 Bb7 15.exf5 exf5
16.Rae1 Qd7 17.d5 Rae8 18.Nb3 b5 19.Na5 Ba6 20.b3 bxc4 21.bxc4 Qa4 22.a3 Nd7
23.Rxe8 Rxe8 24.Rc1 Nc5 25.Bf1 Nd7 26.Qb4 Nc5 27.Qxa4 Nxa4 28.Kf2 Rb8 29.Bd3 Rb2+
30.Rc2  1/2-1/2

[Event "74th ch-ESP Absoluto"]
[Site "Palma de Mallorca ESP"]
[Date "2009.10.01"]
[Round "6"]
[White "Alonso Rosell,A"]
[Black "Vehi Bach,V"]
[Result "1/2-1/2"]
[WhiteElo "2487"]
[BlackElo "2381"]

1.d4 Nf6 2.c4 e6 3.g3 Bb4+ 4.Nd2 d5 5.Bg2 O-O 6.Nf3 dxc4 7.O-O c3 8.Nc4 cxb2
9.Bxb2 Nbd7 10.Qb3 Be7 11.Rfd1 Nb6 12.Nfe5 Nxc4 13.Nxc4 a5 14.Rab1 a4 15.Qd3 Nd5
16.Ba3 Ra6 17.e4 Nb6 18.Nxb6 Rxb6 19.Rxb6 cxb6 20.d5 exd5 21.exd5 Bd6 22.Rc1 Bf5
23.Qc3 Qd7 24.h3 h5 25.h4 Re8 26.Bf3 Bg4 27.Bxd6 Qxd6 28.Bxg4 hxg4 29.Qc4 Qc5
30.Qxc5 bxc5 31.Rxc5 Re1+ 32.Kg2 Rd1 33.Rb5 Rd2 34.Rxb7 Rxa2 35.Rb8+ Kh7
36.Rb4 a3 37.Rxg4 Rd2 38.Ra4 a2 39.d6 Rxd6 40.Rxa2 Rd3 41.Ra7 f6 42.Kh3 Rf3
43.Kg2 Rb3 44.g4 Rc3 45.f3 Kh6 46.Rb7 Rc6 47.Rd7 Ra6 48.Kg3 Rb6 49.Rc7 Ra6
50.Rc8 Rb6 51.Rh8+ Kg6 52.Rd8 Ra6 53.h5+ Kh7 54.Rd7 Ra3 55.Rd6 Rb3 56.Re6 Ra3
57.Kf2 Rb3 58.f4 Rb5 59.Kf3 Ra5 60.Re8 Rb5 61.Re3 Ra5 62.Rd3 Rb5 63.Ke4 Kh6
64.Rd8 f5+ 65.gxf5 Kxh5 66.Rg8 Rb4+ 67.Kd5 Rb5+ 68.Ke6 Rb6+ 69.Ke7 Rb7+ 70.Kf8 Kg4
71.f6 Kf5 72.Rxg7 Rb8+ 73.Ke7 Rb7+ 74.Kd6 Rb6+ 75.Ke7 Rb7+ 76.Ke8 Rb8+ 77.Ke7 Rb7+
78.Kd8 Rb8+ 79.Kc7 Rf8 80.f7 Kf6 81.Rg5 Rxf7+ 82.Kc6 Ra7 83.Kb5 Re7  1/2-1/2

[Event "17th TCh-Eur"]
[Site "Novi Sad SRB"]
[Date "2009.10.24"]
[Round "3"]
[White "Sebenik,M"]
[Black "Babula,V"]
[Result "1-0"]
[WhiteElo "2489"]
[BlackElo "2569"]

1.d4 Nf6 2.c4 e6 3.g3 Bb4+ 4.Bd2 a5 5.Bg2 d6 6.Nf3 Nbd7 7.O-O e5 8.Nc3 O-O
9.Qc2 Re8 10.e4 exd4 11.Nxd4 Ne5 12.Rad1 Bc5 13.Nce2 Bg4 14.f3 Bh5 15.Kh1 c6
16.Bc1 Bg6 17.Nf4 Qb6 18.Nb3 a4 19.Nxc5 Qxc5 20.Nxg6 hxg6 21.b3 axb3 22.axb3 b5
23.f4 Ned7 24.Rfe1 bxc4 25.Be3 cxb3 26.Qxb3 Qa3 27.Qxa3 Rxa3 28.Bg1 d5 29.e5 Nh7
30.Rc1 Ra6 31.Bf1 Ra5 32.Rxc6 g5 33.Rd6 Ndf8 34.f5 Nf6 35.Bb6 Ra2 36.Bb5 Re7
37.Rd8 Nd7 38.Bc7 Nxe5 39.Bxe5 f6 40.Rxf8+  1-0

[Event "Chigorin Mem Open"]
[Site "St Petersburg RUS"]
[Date "2009.10.24"]
[Round "9"]
[White "Ju Wenjun"]
[Black "Yemelin,V"]
[Result "1/2-1/2"]
[WhiteElo "2443"]
[BlackElo "2570"]

1.d4 Nf6 2.c4 e6 3.g3 Bb4+ 4.Bd2 c5 5.Bxb4 cxb4 6.Bg2 O-O 7.Nf3 a5 8.a3 Na6
9.O-O d6 10.axb4 Nxb4 11.Nc3 Qc7 12.b3 Rd8 13.e4 e5 14.h3 Bd7 15.Qe2 Re8
16.Rfd1 Rac8 17.Rac1 Qb8 18.Nh4 Re7 19.f4 Rce8 20.Qf2 b6 21.c5 bxc5 22.fxe5 dxe5
23.dxc5 Re6 24.Nf5 Rc6 25.Nd6 Re6 26.Nxf7 Kxf7 27.Rxd7+ Kg8 28.Rdd1 Re8 29.Nd5 Qa7
30.Rc4 Rec8 31.Nb6 Rf8 32.Re1 Nfd5 33.exd5 Rxf2 34.dxc6 Rxg2+ 35.Kxg2 Nxc6
36.Rd1 Nd4 37.Rcxd4 exd4 38.Rxd4 Qe7 39.Rc4 Qe2+ 40.Kg1 Qe1+ 41.Kg2 Qe2+
42.Kg1 Qf3 43.g4 Qxh3 44.Kf2 Qxb3 45.Ke2 a4 46.Kd2 Qb2+ 47.Kd1 Qb1+ 48.Kd2 Qb2+
49.Kd3 a3 50.c6 Qb3+ 51.Kd2 Qb2+ 52.Kd3 Qb1+ 53.Kd2 a2 54.c7 Qb2+ 55.Kd3 Qb1+
56.Kd2 Qb2+ 57.Kd3 Qb1+ 58.Kd2  1/2-1/2

[Event "17th TCh-Eur"]
[Site "Novi Sad SRB"]
[Date "2009.10.26"]
[Round "5"]
[White "Papaioannou,I"]
[Black "Eljanov,P"]
[Result "0-1"]
[WhiteElo "2628"]
[BlackElo "2717"]

1.d4 Nf6 2.c4 e6 3.g3 Bb4+ 4.Nd2 c5 5.dxc5 Bxc5 6.Bg2 O-O 7.Ngf3 Nc6 8.O-O d5
9.a3 a5 10.Qc2 d4 11.Nb3 Be7 12.Bg5 e5 13.Bxf6 Bxf6 14.e4 dxe3 15.fxe3 a4
16.Nbd2 Be7 17.Ne4 f5 18.Rad1 Qa5 19.Nc3 e4 20.Nd4 Nxd4 21.exd4 Be6 22.d5 Bd7
23.Kh1 Qc5 24.d6 Bg5 25.Nd5 Rae8 26.h4 Bd8 27.Nf4 Re5 28.b4 axb3 29.Qxb3 b6
30.Rfe1 Rf6 31.Qc3 Qa5 32.Qb2 Rc5 33.Nd5 Re6 34.Rf1 Re8 35.Bh3 e3 36.Qe2 g6
37.g4 Qa4 38.gxf5 Qxc4 39.Qxc4 Rxc4 40.f6 e2 41.Ne7+ Bxe7 42.Bxd7 Bxf6 43.Bxe8 Rxh4+
44.Kg2 Rd4 45.Rxd4 exf1=Q+ 46.Kxf1 Bxd4 47.Kg2 Be5 48.a4 Bxd6 49.Kf3 Kg7
50.Ke4 Kf6 51.Kf3 Kg5 52.Bb5 Kh5 53.Bd3 h6 54.Ke4 g5 55.Kf5 Kh4 56.Kg6 h5  0-1

[Event "8th TCh-Eur w"]
[Site "Novi Sad SRB"]
[Date "2009.10.28"]
[Round "7"]
[White "Kachiani,K"]
[Black "Bojkovic,N"]
[Result "1-0"]
[WhiteElo "2349"]
[BlackElo "2429"]

1.d4 Nf6 2.c4 e6 3.g3 Bb4+ 4.Bd2 Be7 5.Bg2 d5 6.Nf3 c6 7.Qc2 O-O 8.O-O b6
9.b3 a5 10.Rd1 Nbd7 11.Be1 Ba6 12.Nbd2 Rc8 13.e4 c5 14.exd5 exd5 15.Qf5 g6
16.Qh3 Re8 17.Bf1 cxd4 18.Nxd4 Nf8 19.N2f3 Rc5 20.Bc3 Qc8 21.Qh6 dxc4 22.Bh3 Qb7
23.Ng5 Rxg5 24.Qxg5 Ne4 25.Qe3 Nxc3 26.Qxc3 Bb4 27.Qc2 cxb3 28.axb3 Bc5 29.Bg2 Qe7
30.b4 Bxb4 31.Nc6 Qc5 32.Nxb4 Qxb4 33.Rab1 Qe7 34.Rxb6 Bc8 35.h3 Bf5 36.Qd2 Qc5
37.Ra6 a4 38.Rxa4 h5 39.Re1 Rc8 40.Ra5 Qb6 41.Ra2 Ne6 42.Qh6 Ng7 43.Rea1 Be6
44.Ra8 Nf5 45.Qf4 Kh7 46.Rxc8 Bxc8 47.Ra8 Qc5 48.Qb8 Nd6 49.Qb2 Qf5 50.Qc3 h4
51.g4 Qe6 52.Rb8 Qe7 53.Qd4 Qc7 54.Ra8 Qc1+ 55.Kh2 Qc7 56.Qe5 Qd8 57.Bc6 Kg8
58.Kg1 Qc7 59.Rxc8+ Qxc8 60.Qxd6 Qa6 61.Qd8+ Kg7 62.Qd4+ Kg8 63.Bf3 Qa3 64.Qd8+ Kg7
65.Kg2  1-0

[Event "17th TCh-Eur"]
[Site "Novi Sad SRB"]
[Date "2009.10.28"]
[Round "7"]
[White "Kozul,Z"]
[Black "Cekro,E"]
[Result "1-0"]
[WhiteElo "2588"]
[BlackElo "2380"]

1.d4 Nf6 2.c4 e6 3.g3 Bb4+ 4.Bd2 Qe7 5.Bg2 O-O 6.Nf3 Bxd2+ 7.Qxd2 d6 8.Nc3 e5
9.O-O Nc6 10.d5 Nb8 11.e4 a5 12.Ne1 Na6 13.Nd3 Nd7 14.f4 Nac5 15.Nf2 Nb6
16.b3 a4 17.b4 Na6 18.a3 Nxc4 19.Qe2 Nb6 20.f5 f6 21.Rfe1 Rd8 22.Qa2  1-0

[Event "24th GP Open A"]
[Site "Le Touquet FRA"]
[Date "2009.10.29"]
[Round "8"]
[White "Payen,Ar"]
[Black "Jeanne,M"]
[Result "1-0"]
[WhiteElo "2356"]
[BlackElo "2150"]

1.d4 Nf6 2.c4 e6 3.g3 Bb4+ 4.Bd2 Qe7 5.Bg2 Nc6 6.e3 Bxd2+ 7.Qxd2 e5 8.d5 Nd8
9.Nc3 d6 10.Nge2 a5 11.h3 O-O 12.O-O b6 13.f4 Nb7 14.Rae1 Nc5 15.g4 h5 16.g5 Nh7
17.Ng3 g6 18.Nce4 Nxe4 19.Nxe4 Re8 20.Qf2 Bf5 21.Nf6+ Nxf6 22.gxf6 Qd7 23.e4 Bxh3
24.f5 Bxg2 25.Kxg2 Kh7 26.Rh1 Rh8 27.Qg3 Kg8 28.fxg6 fxg6 29.Qxg6+ Kf8 30.f7 Qe7
31.Rxh5  1-0

[Event "3rd Asian Indoor Team Rapid Prelim"]
[Site "Ha Long City VIE"]
[Date "2009.11.05"]
[Round "5"]
[White "Le Thanh Tu"]
[Black "Nakhbayeva,G"]
[Result "0-1"]
[WhiteElo "2344"]
[BlackElo "2201"]

1.d4 Nf6 2.c4 e6 3.g3 Bb4+ 4.Bd2 Be7 5.Bg2 d5 6.Nf3 O-O 7.O-O b6 8.Nc3 Bb7
9.Qb3 c5 10.cxd5 exd5 11.Rfd1 c4 12.Qc2 Nc6 13.Bf4 a6 14.Ne5 b5 15.a3 Na5
16.Bg5 Nb3 17.Rab1 h6 18.Bxf6 Bxf6 19.e3 Qd6 20.Nd3 Nxd4 21.exd4 cxd3 22.Qxd3 Rac8
23.Qf5 Rfd8 24.Rbc1 Rc4 25.Ne2 Bc8 26.Qb1 Bg4 27.f3 Qe6 28.Qd3 Bf5 29.Qd2 Rdc8
30.Rxc4 Rxc4 31.Rc1 Rxc1+ 32.Nxc1 Bxd4+ 33.Kf1 Be3 34.Qd1 d4 35.Nd3 Qa2 36.f4 Bxd3+
37.Qxd3 Qxb2 38.Qe2 Qc1+ 39.Qe1 Qc4+ 40.Qe2 d3 41.Qxe3 d2+ 42.Kf2 d1=N+  0-1

[Event "World Youth U18"]
[Site "Antalya TUR"]
[Date "2009.11.16"]
[Round "5"]
[White "Rozum,I"]
[Black "Anton,T"]
[Result "1/2-1/2"]
[WhiteElo "2458"]
[BlackElo "2363"]

1.d4 Nf6 2.c4 e6 3.g3 Bb4+ 4.Bd2 c5 5.Bxb4 cxb4 6.Bg2 O-O 7.e4 d6 8.Ne2 e5
9.a3 Qb6 10.O-O Bg4 11.f3 Be6 12.b3 Nc6 13.Kh1 exd4 14.Qd2 a5 15.a4 Nd7 16.g4 Nc5
17.Qb2 Nd3 18.Qd2 Nc5 19.Qb2 Nd3 20.Qd2 Nde5 21.Nf4 Rac8 22.Rd1 d3 23.Nxd3 Nd4
24.Qf2 Rc6 25.Nxe5 dxe5 26.Rd3 Qc5 27.Ra2 f6 28.Nd2 Rfc8 29.Rb2 Rd6 30.Nf1 b5
31.axb5 a4 32.bxa4 Bxc4 33.Rd1 b3 34.Ne3 Qa3 35.Rc1 Qxa4 36.Bf1 Be6 37.Rxc8+ Bxc8
38.Nd5 Be6 39.Kg2 Bxd5 40.exd5 Rxd5 41.Qe3 Rc5 42.Qe4 Qa3 43.Rd2 Qa7 44.Bc4+ Kf8
45.Rxd4 exd4 46.Qe6 Rxc4 47.Qxc4 Qa2+ 48.Kg3 Qc2 49.Qxd4 h6 50.b6 b2 51.Qd8+ Kf7
52.Qc7+  1/2-1/2

[Event "UTD Invitational A"]
[Site "Dallas USA"]
[Date "2009.11.22"]
[Round "2"]
[White "Ramirez,Alej"]
[Black "Izoria,Z"]
[Result "1/2-1/2"]
[WhiteElo "2547"]
[BlackElo "2589"]

1.d4 Nf6 2.c4 e6 3.g3 Bb4+ 4.Bd2 Be7 5.Bg2 d5 6.Nf3 O-O 7.O-O c6 8.Bf4 b6
9.Nc3 Bb7 10.cxd5 cxd5 11.Rc1 Nc6 12.Ne5 Rc8 13.Qa4 a6 14.Nxc6 Rxc6 15.Qb3 b5
16.Nb1  1/2-1/2

[Event "British Rapidplay"]
[Site "Halifax ENG"]
[Date "2009.11.22"]
[Round "8"]
[White "Combie,A"]
[Black "Slavin,A"]
[Result "0-1"]
[WhiteElo "1945"]
[BlackElo "2304"]

1.d4 Nf6 2.c4 e6 3.g3 Bb4+ 4.Bd2 Qe7 5.a3 Bxd2+ 6.Nxd2 O-O 7.Ngf3 d6 8.e4 e5
9.d5 a5 10.b3 Na6 11.Bg2 c6 12.O-O Bd7 13.Ne1 cxd5 14.exd5 b5 15.Nd3 Rfc8
16.Rc1 Rab8 17.Re1 Bg4 18.f3 Bf5 19.Ne4 Bxe4 20.fxe4 bxc4 21.Rxc4 Qa7+ 22.Kh1 Rxc4
23.bxc4 Qd4 24.Qc2 Ng4 25.Bf1 Nc5 26.Nxc5 dxc5 27.Rb1 Qxe4+ 28.Qxe4 Nf2+
29.Kg2 Nxe4 30.Bd3 Nd6 31.g4 f6 32.Kf3 g6 33.Ke3 Kg7 34.Kd2 Kh6 35.h4 f5
36.gxf5 gxf5 37.Be2 f4 38.Ke1 e4 39.Kf2 Kg6 40.Bf1 Kh5 41.Be2+ Kxh4 42.Bf1 Kg4
43.Be2+ f3 44.Bf1 Kf4 45.Ke1 e3 46.Bd3 h5 47.Bf1 h4 48.Bh3 Nxc4 49.d6 Nxd6
50.Be6 c4 51.Kd1 c3 52.Bh3 Kg3 53.Be6 h3 54.Bxh3 Kxh3 55.Kc2 e2 56.Kxc3 e1=Q+
57.Kd4 f2 58.Kd5 f1=Q 59.Kxd6 Qd3+ 60.Kc5 Qec3+  0-1

[Event "ch-IND National A"]
[Site "Mumbai IND"]
[Date "2009.12.07"]
[Round "7"]
[White "Sundararajan,K"]
[Black "Laxman,R"]
[Result "1/2-1/2"]
[WhiteElo "2516"]
[BlackElo "2511"]

1.d4 Nf6 2.c4 e6 3.g3 Bb4+ 4.Bd2 a5 5.Bg2 d5 6.Nf3 Nc6 7.Qc2 Ne4 8.O-O Nxd2
9.Nbxd2 O-O 10.Rfd1 a4 11.e4 a3 12.bxa3 Rxa3 13.cxd5 exd5 14.exd5 Qxd5 15.Ne5 Nxd4
16.Bxd5 Nxc2 17.Rac1 Nd4 18.Rxc7 Ne2+ 19.Kg2 Bh3+ 20.Kxh3 Nf4+ 21.Kh4 Nxd5
22.Rc4 Rxa2 23.Ne4 b5 24.Rcc1 Ne3 25.Rd7 Ra4 26.Kh3 Ba3 27.Rc3 Rxe4 28.Rxa3 Rxe5
29.fxe3 b4 30.Raa7 Rxe3 31.Rab7 g6 32.Rxb4 Re2 33.Rdb7 Rfe8 34.Rf4 R8e7  1/2-1/2

[Event "ch-IND National A"]
[Site "Mumbai IND"]
[Date "2009.12.07"]
[Round "7"]
[White "Kunte,A"]
[Black "Priyadharshan,K"]
[Result "1/2-1/2"]
[WhiteElo "2522"]
[BlackElo "2343"]

1.d4 Nf6 2.c4 e6 3.g3 Bb4+ 4.Bd2 c5 5.Bxb4 cxb4 6.Bg2 O-O 7.Nf3 d6 8.O-O a5
9.a3 Na6 10.Nbd2 Qc7 11.Ne1 e5 12.Nc2 bxa3 13.bxa3 Be6 14.Rb1 Rab8 15.dxe5 dxe5
16.Ne3 Rfd8 17.Qc2 Ng4 18.Nxg4 Bxg4 19.Ne4 h6 20.Rfc1 b6 21.c5 Nxc5 22.h3 Be6
23.Nxc5 bxc5 24.Rxb8 Qxb8 25.Qxc5 Rc8 26.Qe3 Rxc1+ 27.Qxc1 Qc8 28.Qe3 Qc7
29.g4 Kf8 30.Qd2 Ke8 31.e3 Ke7 32.Qb2 Qc5 33.Qb7+ Bd7 34.Qb2 Be6 35.Kh2 Qc7
36.Be4 Qc5 37.Qb7+ Kf6 38.Qb2 Qc4 39.Qb1  1/2-1/2

[Event "16th Open A"]
[Site "Zadar CRO"]
[Date "2009.12.18"]
[Round "8"]
[White "Saric,A"]
[Black "Franic,M"]
[Result "1/2-1/2"]
[WhiteElo "2471"]
[BlackElo "2399"]

1.d4 e6 2.c4 Nf6 3.g3 Bb4+ 4.Bd2 a5 5.Bg2 O-O 6.e4 d6 7.Ne2 e5 8.O-O Re8
9.d5 c6 10.Nbc3 Na6 11.a3 Bc5 12.Na4 Bd7 13.Nxc5 Nxc5 14.Nc3 a4 15.h3 cxd5
16.cxd5 Nb3 17.Rb1 Nxd2 18.Qxd2 Qb6 19.Rfe1 Rec8 20.Bf1 Be8 21.Kh1 Nd7 22.f4 Nc5
23.Qf2 Qd8 24.h4 Rab8 25.Rbd1 Qe7 26.f5 f6 27.g4 b5 28.Na2 Nb3 29.Nb4 Rb7
30.Bd3 Rbc7 31.Qe3 Nd4 32.Rg1 Kh8 33.Rg3 g5 34.hxg5 fxg5 35.Kg2 h6 36.Rh1 Qf6
37.Rgh3 Rh7 38.Kg3 Rc5 39.Qd2 Nb3 40.Qh2 h5 41.gxh5 g4 42.Rh4 Qg5 43.Rxg4 Qe3+
44.Kg2 Qd2+ 45.Kg3 Qe3+ 46.Kg2 Qd2+ 47.Kg3 Qe3+ 48.Kg2 Qd2+  1/2-1/2

[Event "22nd Open"]
[Site "Staufer GER"]
[Date "2010.01.02"]
[Round "3"]
[White "Andraschko,F"]
[Black "Weiss,And"]
[Result "0-1"]
[WhiteElo "2063"]
[BlackElo "2227"]

1.d4 Nf6 2.c4 e6 3.g3 Bb4+ 4.Bd2 Qe7 5.Nf3 O-O 6.Nc3 Bxc3 7.Bxc3 Ne4 8.Rc1 b6
9.Bg2 Bb7 10.O-O Nxc3 11.Rxc3 d6 12.Qc2 f5 13.Ne1 Bxg2 14.Nxg2 Nd7 15.e4 Rae8
16.exf5 Rxf5 17.Re3 Ref8 18.Nf4 e5 19.Nd5 Qd8 20.dxe5 Nxe5 21.f4 c6 22.Nb4 a5
23.Rfe1 axb4 24.fxe5 dxe5 25.c5 Kh8 26.Qd1 Qxd1 27.Rxd1 bxc5 28.Rc1 Rf2 29.b3 Rxa2
30.Rxe5 h6 31.Rexc5 Rff2 32.Rxc6 Rg2+ 33.Kf1 Raf2+ 34.Ke1 Rb2  0-1

[Event "Meister Open"]
[Site "Basel SUI"]
[Date "2010.01.04"]
[Round "6"]
[White "Grandadam,N"]
[Black "Milosevic,Go"]
[Result "1-0"]
[WhiteElo "2215"]
[BlackElo "2380"]

1.d4 Nf6 2.c4 e6 3.g3 Bb4+ 4.Bd2 c5 5.Bxb4 cxb4 6.Bg2 O-O 7.Nf3 d6 8.O-O Re8
9.a3 bxa3 10.Nxa3 Qb6 11.b4 Qd8 12.c5 Nc6 13.Nc4 dxc5 14.bxc5 Re7 15.Nfe5 Bd7
16.e3 Nd5 17.Qb3 Nxe5 18.Nxe5 Be8 19.Rfd1 f5 20.Rdc1 Bc6 21.Re1 a6 22.e4 fxe4
23.Bxe4 Be8 24.Nc4 Rb8 25.Rab1 Nf6 26.Nd6 Bf7 27.Bg2 Nd5 28.Re5 Nc7 29.Rbe1 b6
30.Nxf7 Rxf7 31.cxb6 Qd7 32.b7 Qxd4 33.Qe3 Qxe3 34.R5xe3 Rd7 35.Rc1 Kf7 36.Bc6 Rd6
37.Rb3 Ke7 38.Rc4 h6 39.Kg2 Rdd8 40.h4 Rd6 41.Rc5 Rdd8 42.h5 Rd6 43.Rb4 Rdd8
44.Rc2 Nd5 45.Rg4 Kf7 46.Bxd5 exd5 47.Rc7+ Ke6 48.Rg6+ Ke5 49.Rgc6 Rd6 50.Rc8  1-0

[Event "15th Open"]
[Site "Bosnjaci CRO"]
[Date "2010.01.06"]
[Round "5"]
[White "Saric,A"]
[Black "Baturina,A"]
[Result "1-0"]
[WhiteElo "2480"]
[BlackElo "2101"]

1.d4 Nf6 2.c4 e6 3.g3 Bb4+ 4.Bd2 c5 5.Bxb4 cxb4 6.Bg2 d5 7.cxd5 exd5 8.a3 Qe7
9.e3 Nc6 10.Ne2 Bf5 11.O-O O-O 12.Nf4 Rfd8 13.axb4 Nxb4 14.Nc3 g5 15.Nh5 Nxh5
16.Qxh5 Bg6 17.Qd1 a5 18.Qd2 Qe6 19.Rad1 f5 20.f3 Re8 21.e4 fxe4 22.fxe4 dxe4
23.Qxg5 Qe7 24.Nxe4 Qxg5 25.Nxg5 Nc2 26.Bxb7 Rab8 27.Bc6 Red8 28.Rf4 Rxb2
29.Ne6 Rdb8 30.Rdf1 h6 31.Rg4 Kh7 32.Rxg6  1-0

[Event "TCh-AUT 2009-10"]
[Site "Graz AUT"]
[Date "2010.01.14"]
[Round "4"]
[White "Likavsky,T"]
[Black "Reinwald,P"]
[Result "1-0"]
[WhiteElo "2476"]
[BlackElo "2097"]

1.d4 Nf6 2.c4 e6 3.g3 Bb4+ 4.Bd2 Qe7 5.Bg2 Nc6 6.e3 Bxd2+ 7.Qxd2 O-O 8.Nc3 d6
9.Nge2 e5 10.d5 Nb8 11.h3 a5 12.f4 Na6 13.g4 exf4 14.exf4 Nc5 15.O-O-O Re8
16.Nd4 Bd7 17.Bf3 Qe3 18.Kc2 Qxd2+ 19.Rxd2 Re3 20.Nd1 Re7 21.g5 Nfe4 22.Re2 Rae8
23.Rhe1 Kf8 24.Bg4 Bxg4 25.hxg4 Ng3 26.Rxe7 Rxe7 27.Re3 Rxe3 28.Nxe3 Ke7
29.b3 Kd7 30.a3 Na6 31.Nef5 Nxf5 32.Nxf5 g6 33.Nh6 c6 34.dxc6+ bxc6 35.Nxf7 Nc5
36.f5 Ke7 37.fxg6 hxg6 38.Nh8 Ne6 39.Nxg6+ Kf7 40.Nh4 Nxg5 41.Nf5 Ne4 42.b4 axb4
43.axb4 Nf6 44.Nxd6+ Kg6 45.Nf5 Kg5 46.Nd4 c5 47.Ne6+  1-0

[Event "TCh-AUT 2009-10"]
[Site "Graz AUT"]
[Date "2010.01.14"]
[Round "4"]
[White "Maslik,M"]
[Black "Stohl,I"]
[Result "1/2-1/2"]
[WhiteElo "2377"]
[BlackElo "2531"]

1.d4 Nf6 2.c4 e6 3.g3 Bb4+ 4.Bd2 Qe7 5.Bg2 Nc6 6.Nf3 Bxd2+ 7.Qxd2 Ne4 8.Qe3 Qb4+
9.Nbd2 Nxd2 10.Nxd2 Qxb2 11.Nb3 Qa3 12.O-O Qe7 13.Rac1 O-O 14.d5 Nd8 15.c5 d6
16.cxd6 Qxd6 17.Qc3 exd5 18.Qxc7 Qxc7 19.Rxc7 Ne6 20.Rc2 Bd7 21.Bxd5 Rac8
22.Rfc1 Rxc2 23.Rxc2 Rc8 24.Rd2 b6 25.f4 Kf8 26.f5 Nc5 27.Nxc5 Rxc5 28.Bxf7 Bxf5
29.Bb3 Ke7 30.Kf2 Be6 31.Rd4 Bxb3 32.axb3 Rc3 33.b4 Rb3 34.h4 g6 35.e3 Ke6
36.Kf3 Rb1 37.Rc4 Kd6 38.Kf4 h6 39.Rd4+ Ke6 40.Re4+ Kd6 41.Rd4+ Ke6 42.Re4+  1/2-1/2